Quizzes
Events
Quiz Creation
Community
Videos
Private Events
Remove Ads
Sign In
Join for FREE
Feedback
Dark Mode
Quiz Categories
Sports
Geography
Music
Movies
Television
Just For Fun
Miscellaneous
History
Literature
Language
Science
Gaming
Entertainment
Religion
Holiday
For Kids
Quiz Lab
Recent
Popular Today
Quiz Kudos Today
Editor Picks
Curator Picks
Quizzes by...
Day
Popularity
Type
Ratings
Length
Year
Community
Subscriptions
Recent Discussions
Orange Saloon
Badges
Playlists
Quests
Create
Leaderboards
Showdown
Live 5
Trivia Bingo
Activity
Puzzle Library
Sporcle Events
Private Events
Virtual Trivia
Globe League
Become a Host
Pub Owners
SporcleCon
Opinionation
Our Games
Videos
Blog
Mobile Apps
Partnerships
Remove Ads and Go Orange
Feedback
Music
Pop Music
The Beatles
Song
Album
Lyrics
Bands
Singers
Artist
Clip
Rock
Rap
Classical
Billboard
Country Music
Kpop
Taylor Swift
Music
Pop Music
The Beatles
Song
Album
Lyrics
Bands
Singers
Artist
Clip
Rock
Rap
Classical
Billboard
Country Music
Kpop
Taylor Swift
Random Quiz
Search Sporcle
×
Quiz Lab
Quiz Lab
Music
Kpop
Type in answers that appear in a list
Type in answers that appear in a list
Classic
Best Score? Go Orange.
Kpop idols Stats
Kpop idols
By
joshuahoshiwoozi
20m
255 Questions
843 Plays
843 Plays
843 Plays
Comments
Comments
Give Quiz Kudos
Give Quiz Kudos
-
- Ratings
hide this ad
Replay
Link that replays current quiz
Next Quiz
Link to next quiz in quiz playlist
You Got
0%
They Got
Avg Score
54%
Avg Friend Score
Upgrade to see
Score Distribution
Jump to the score distribution portion of the page
Score
0/255
Timer
20:00
0
Plays Today
Hint
Answer
% Correct
SEVENTEEN
Jun
97.9%
BTS
Jin
97.7%
EXO
D.O
97.1%
EXO
Kai
97%
BTS
RM
97%
BTS
Jimin
97%
BTS
Suga
96.5%
BTS
J-Hope
96.5%
BTS
Jungkook
96.5%
EXO
Suho
95.7%
EXO
Baekhyun
95.6%
EXO
Chanyeol
95.2%
EXO
Sehun
95.2%
Miss A
Min
95.1%
EXO
Lay
94.6%
EXO
Xiumin
94.5%
EXO
Chen
94%
BIGBANG
G-Dragon
94%
BIGBANG
T.O.P
92.5%
Red Velvet
Irene
92%
Red Velvet
Joy
91.2%
EXO
Kris
90.6%
Red Velvet
Wendy
90.2%
BIGBANG
Taeyang
89.9%
EXO
Tao
89.4%
EXO
Luhan
88.6%
TWICE
Momo
88.5%
BIGBANG
Seungri
88.3%
Red Velvet
Seulgi
88.1%
Red Velvet
Yeri
88%
BIGBANG
Daesung
86.8%
TWICE
Mina
85.8%
I.O.I
Mina
85.8%
iKON
Bobby
85.5%
TWICE
Sana
85%
BTS
V
84.3%
SEVENTEEN
Vernon
83.3%
SNSD
Taeyeon
82.6%
2NE1
CL
82.6%
TWICE
Tzuyu
82.4%
iKON
B.I
82.3%
SEVENTEEN
Woozi
82.3%
SNSD
Tiffany
81%
SEVENTEEN
The8
80.1%
TWICE
Nayeon
79.5%
TWICE
Dahyun
79.5%
SEVENTEEN
Hoshi
79.2%
SNSD
Sunny
78.8%
2NE1
Bom
78.8%
SEVENTEEN
S.Coups
78.7%
TWICE
Jihyo
78.6%
ZE:A
Heechul
78.5%
Super Junior
Heechul
78.4%
SEVENTEEN
Dino
78.3%
SEVENTEEN
Joshua
78.2%
SEVENTEEN
DK
77.3%
Wonder Girls
Hyuna
77.3%
4minute
Hyuna
77.3%
SNSD
Jessica
76.5%
SEVENTEEN
Mingyu
75.4%
NCT U
Mark
74.9%
SEVENTEEN
Wonwoo
74.2%
NCT U
Taeyong
73.9%
VIXX
Ravi
73.1%
VIXX
Leo
73%
SEVENTEEN
Jeonghan
72.9%
SEVENTEEN
Seungkwan
72.6%
SNSD
Yoona
72.4%
VIXX
Ken
71.8%
TWICE
Chaeyoung
71.7%
2NE1
Dara
71.7%
TWICE
Jeongyeon
71.4%
SNSD
Yuri
70.7%
Super Junior
Leeteuk
70.4%
VIXX
N
68.7%
2NE1
Minzy
68.6%
NCT U
Ten
67.9%
Super Junior
Siwon
67.8%
Miss A
Suzy
67.4%
2PM
Junho
67.3%
Super Junior
Shindong
66.8%
NU'EST
Ren
66.2%
VIXX
Hyuk
66.1%
BTOB
Minhyuk
65.6%
CNBLUE
Minhyuk
65.6%
Hint
Answer
% Correct
SNSD
Seohyun
65.5%
SNSD
Hyoyeon
65.2%
SNSD
Sooyoung
64.6%
Super Junior
Henry
64.6%
Super Junior
Donghae
64.3%
BTOB
Sungjae
64.3%
INFINITE
L
63.5%
BTOB
Peniel
63.2%
VIXX
Hongbin
63.2%
ASTRO
Rocky
63%
ASTRO
JinJin
62.9%
ASTRO
Eunwoo
62.6%
ASTRO
Moonbin
61.2%
SISTAR
Bora
60.8%
I.O.I
Somi
60.6%
Super Junior
Eunhyuk
60.5%
NCT U
Taeil
60.4%
SISTAR
Hyorin
60.1%
ASTRO
Sanha
59.9%
Super Junior
Yesung
59.5%
BTOB
Ilhoon
59%
ASTRO
MJ
59%
NCT U
Doyoung
58.9%
TVXQ
Changmin
58.8%
2AM
Changmin
58.8%
iKON
Junhoe
57.9%
NU'EST
JR
57.9%
NCT U
Jaehyun
57.7%
2PM
Jun.K
56.9%
Super Junior
Kyuhyun
56.8%
Miss A
Fei
55.4%
BTOB
Eunkwang
54.9%
Super Junior
Ryeowook
54.8%
TVXQ
Yunho
54.6%
iKON
Chanwoo
54.3%
iKON
Jinhwan
54.3%
Apink
Eunji
54.3%
2PM
Taecyeon
54.2%
NU'EST
Aron
54.2%
Apink
Bomi
53.8%
NU'EST
Minhyun
53.5%
Wonder Girls
Sunmi
53%
Apink
Naeun
52.9%
INFINITE
Sunggyu
51.5%
NU'EST
Baekho
51.5%
Super Junior
Kangin
51.4%
B1A4
Jinyoung
51.3%
BTOB
Changsub
50.8%
INFINITE
Hoya
50.4%
2PM
Nichkhun
50.4%
AKMU
Sohyun
50.1%
INFINITE
Dongwoo
50%
Super Junior
Sungmin
49.7%
SISTAR
Dasom
49.4%
Apink
Chorong
48.8%
SISTAR
Soyou
48.7%
iKON
Donghyuk
48.5%
B1A4
Baro
48.3%
BTOB
Hyunsik
48.2%
Apink
Namjoo
48.1%
INFINITE
Sungyeol
47.9%
Miss A
Jia
47.7%
Teen Top
Niel
47.7%
2PM
Jay Park
47.4%
BEAST
Yoseob
47.4%
Girl's Day
Hyeri
47.3%
Girl's Day
Minah
47.1%
INFINITE
Woohyun
46.8%
Super Junior
Zhoumi
46.2%
I.O.I
Chungha
45.7%
CNBLUE
Jonghyun
45.1%
B1A4
CNU
44.6%
2PM
Wooyoung
44.3%
B1A4
Sandeul
44.2%
4minute
Gayoon
43.8%
Teen Top
C.A.P
43.6%
4minute
Jiyoon
43.1%
INFINITE
Sungjong
43.1%
iKON
Yunhyeong
42%
B1A4
Gongchan
41.9%
Girl's Day
Yura
41.7%
BEAST
Gikwang
41.7%
CNBLUE
Yonghwa
41.4%
2PM
Chansung
41.2%
Teen Top
Ricky
41.1%
Hint
Answer
% Correct
JYJ
Junsu
41.1%
JYJ
Jaejoong
40.7%
BEAST
Doojoon
40.1%
Apink
Hayoung
39.9%
4minute
Sohyun
38.7%
Teen Top
L.Joe
38.6%
Super Junior
Kibum
38.1%
4minute
Jihyun
38.1%
BEAST
Dongwoon
37.4%
SHINHWA
Eric
37.1%
AKMU
Chanhyuk
37%
I.O.I
Nayoung
36.9%
Teen Top
Chunji
36.8%
Girl's Day
Sojin
36.5%
KARA
Hara
36.4%
I.O.I
Sejeong
35.7%
2AM
Jokwon
35.5%
JYJ
Yoochun
35.1%
BEAST
Junhyung
35.1%
I.O.I
Yoojung
35%
TOPPDOGG
Hansol
34.8%
I.O.I
Doyeon
34.6%
BEAST
Hyunseung
34.6%
ZE:A
Hyungsik
34.4%
Super Junior
Hangeng
34.3%
Ladies' Code
EunB
34.2%
Teen Top
Changjo
34%
CNBLUE
Jungshin
34%
Wonder Girls
Yubin
33.1%
Ladies' Code
RiSe
32.9%
I.O.I
Chaeyeon
32.6%
UP10TION
Xiao
32.1%
Ladies' Code
Ashley
31.7%
ZE:A
Kwanghee
31.4%
UP10TION
Wooshin
31.3%
SHINHWA
Andy
30.5%
TOPPDOGG
A-Tom
30.5%
ZE:A
Kevin
30.4%
ZE:A
Siwan
30.1%
I.O.I
Sohye
30%
Wonder Girls
Sohee
28.7%
I.O.I
Pinky
28.3%
UP10TION
Wei
28.3%
TOPPDOGG
B-Joo
28.2%
Wonder Girls
Yeeun
28.2%
UP10TION
Bit-to
28.1%
TOPPDOGG
Xero
27.4%
KARA
Nicole
27.1%
KARA
Gyuri
26.9%
UP10TION
Kuhn
26.4%
ZE:A
Minwoo
26.4%
SHINHWA
Minwoo
26.4%
TOPPDOGG
P-Goon
25.8%
KARA
Youngji
25.7%
Wonder Girls
Sunye
24.8%
UP10TION
Sunyoul
24.3%
UP10TION
Hwanhee
24%
2AM
Jinwoon
24%
Wonder Girls
Hyelim
23.6%
2AM
Seulong
23.5%
UP10TION
Kogyeol
23.3%
UP10TION
Jinhoo
23.2%
TOPPDOGG
Jenissi
22.5%
TOPPDOGG
Nakta
21.4%
UP10TION
Gyujin
21.3%
KARA
Seungyeon
21.3%
KARA
Jiyoung
21.3%
ZE:A
Dongjun
20.2%
Ladies' Code
Zuny
20.1%
TOPPDOGG
Yano
19.8%
Ladies' Code
Sojung
19.5%
TOPPDOGG
Kidoh
19.4%
Apink
Yookyung
19.2%
TOPPDOGG
Sangdo
18.6%
TOPPDOGG
Hojoon
18.5%
SHINHWA
Junjin
17.5%
SHINHWA
Hyesung
16.5%
SHINHWA
Dongwan
15%
TOPPDOGG
Gohn
13.9%
ZE:A
Taeheon
12.4%
ZE:A
Junyoung
12.1%
TOPPDOGG
Seogoong
11.7%
CNBLUE
Kwangjin
8.7%
I.O.I
Yeunjung
8.1%
KARA
Sunghee
7.1%
Quiz Playlist
Details
Report
Send in Message
Add To Playlist
Classic:
Type in answers that appear in a list
Last Updated: Feb 16, 2017
Quiz Scoreboard
CHALLENGE
Sign Up to Join the Scoreboard
Show All
Scores
Hide
Comments
May contain spoilers
Recently Published
Billboard Blitz: Fleetwood Mac
by CooCooCachoo
Music
15s
Presidents Visiting Landmarks
by Hejman
History
7m
An Introduction to Baseball
by treessimontrees
Sports
5m
More to Explore
Quiz From the Vault
Featured Blog Post
Where Did the Easter Bunny Come From?
hide this ad
You Might Also Like...
Tags
Kpop Quiz
idol
Today's Top Quizzes in Music
Browse Music
hide this ad
Today's Top Quizzes in Kpop
Browse Kpop
Top Contributed Quizzes in Music
1
Taylor Swift All Songs (2024)
2
Guess the Artist- 70s Songs
3
7-to-1: Billboard Hot 100 #1 Hits of 2010s
4
Sorting Albums and Songs
5
Taylor Swift Logic Puzzle
6
KPOP LOGIC QUIZ
7
2010s Album by Cover III
8
One Thing in Common: Music
9
Guess the Taylor Swift song (Mystery Song)
10
Guess The Taylor Swift Lyrics Song #1
Explore More
Trending Topics
Kpop
Harry Potter
Marvel
Anime
NBA
Disney
Crossword
The Office
Song
Soccer
WWE
Puzzle
Country
NFL
Pokémon
hide this ad
More By:
joshuahoshiwoozi
Quiz
Plays
Rating
Category
Featured
Created
YOUR biases (not a quiz)
1,625
3.50
Music
Jun 24, 2016
Guess Kpop Idols
1,199
4.67
Music
Jun 23, 2016
Kpop Song Quiz (Super Easy)
1,080
3.67
Music
Jun 22, 2016
kpop idols
843
5.00
Music
Jun 24, 2016
Guess Twice Songs K-pop
563
2.75
Music
Jun 24, 2016
Go to Creator's Profile
Score Distribution
Quiz Creator Spotlight
joshuahoshiwoozi
Follow
Send a Message
Quizzes Created
-
Created Quiz Play Count
-
More By This Creator
Popular Quizzes Today
1
Find the US States - No Outlines Minefield
2
Find the Countries of Europe - No Outlines Minefield
3
The Countries of the World
4
Find the US States
5
US States
6
Popular People in 1961
7
Risky Map Clicking: Biggest States A-Z
8
Movies - When Are They Set?
More Music Quizzes
The Doors Songs
Published
Trending Quizzes
Risky Map Clicking: Least Populous States A-Z
1-10 Letter G Words
1-10 Letter F Words
Risky Map Clicking: Next State Alphabetically
Risky Map Clicking: Biggest States A-Z
Recently Updated
Leaping Animals
pecheneg
Reality TV Shows (A-Z)
bhenderson79
Rickey Henderson's Hall of Fame Teammates
pecheneg
Champions League XIs: Arsenal
pecheneg
Quick Pick: Celebrities in WWE's Hall of Fame
aduchscher
A-Z Keypad Blitz II
pecheneg
Multiple Oscar Actors
pecheneg
Mystery Phrase Blitz: Oscar 'Best Actors'
pecheneg
F. Scott Fitzgerald Novels
LTH
Pick 3 Villains
ddd62291
Trending Topics
Crossword
Kpop
NBA
Disney
Harry Potter
Anime
Marvel
Puzzle
Country
WWE
NFL
Song
Soccer
The Office
Pokémon
Your Account Isn't Verified!
In order to create a playlist on Sporcle, you need to verify the email address you used during registration. Go to your
Sporcle Settings
to finish the process.
Report this User
Report this user for behavior that violates our
Community Guidelines
.
Details:
Send Report
Go to the Sporcle.com Mobile Site →
Comments